Online katalóg knižníc regiónu Turca

Padlí anjeli (Record no. 22010)

MARC details
000 -LEADER
fixed length control field 01805cam a2200493 a 4500
001 - CONTROL NUMBER
control field 22010
003 - CONTROL NUMBER IDENTIFIER
control field VRT
005 - DATE AND TIME OF LATEST TRANSACTION
control field 20260317150354.0
008 - FIXED-LENGTH DATA ELEMENTS--GENERAL INFORMATION
fixed length control field 240314s2012 xo g 000 f slo
015 ## - NATIONAL BIBLIOGRAPHY NUMBER
National bibliography number SNBA2013
020 ## - INTERNATIONAL STANDARD BOOK NUMBER
International Standard Book Number 9788055131207
Qualifying information (viaz.)
035 ## - SYSTEM CONTROL NUMBER
System control number C8DBA1A9-881C-4F46-BA3F-33C324EEA1DE
035 ## - SYSTEM CONTROL NUMBER
System control number urn:nbn:sk:snk-amjm2d
035 ## - SYSTEM CONTROL NUMBER
System control number urn:nbn:sk:snk-am001rqn
039 #9 - LEVEL OF BIBLIOGRAPHIC CONTROL AND CODING DETAIL [OBSOLETE]
Level of rules in bibliographic description 202403141133
Level of effort used to assign nonsubject heading access points VLOAD
Level of effort used to assign subject headings 202107132125
Level of effort used to assign classification AUTHORITY
Level of effort used to assign subject headings 201508271450
Level of effort used to assign classification VLOAD
Level of effort used to assign subject headings 201508271120
Level of effort used to assign classification VLOAD
040 ## - CATALOGING SOURCE
Original cataloging agency PPPK
Language of cataloging slo
Transcribing agency PPPK
Modifying agency SNK
Description conventions AACR2
041 1# - LANGUAGE CODE
Language code of text/sound track or separate title slo
Language code of original eng
044 ## - COUNTRY OF PUBLISHING/PRODUCING ENTITY CODE
MARC country code xo
ISO country code SK
072 #7 - SUBJECT CATEGORY CODE
Subject category code 821.111(73)-3
Subject category code subdivision Americká próza
Source konspekt
080 ## - UNIVERSAL DECIMAL CLASSIFICATION NUMBER
Universal Decimal Classification number 821.111(73)-31
Edition identifier 2001
080 ## - UNIVERSAL DECIMAL CLASSIFICATION NUMBER
Universal Decimal Classification number (0:82-312.4)
Edition identifier 2001
080 ## - UNIVERSAL DECIMAL CLASSIFICATION NUMBER
Universal Decimal Classification number (0:82-312.5)
Edition identifier 2001
100 1# - MAIN ENTRY--PERSONAL NAME
Personal name Kate, Lauren,
Dates associated with a name 1981-
Relationship aut
240 10 - UNIFORM TITLE
Uniform title Rapture.
Language of a work Slovensky
245 10 - TITLE STATEMENT
Title Padlí anjeli
Number of part/section of a work štvrtá časť
Name of part/section of a work Vykúpenie
Statement of responsibility, etc. Lauren Kateová ; [z anglického originálu preložila Saskia Hudecová]
246 30 - VARYING FORM OF TITLE
Title proper/short title Vykúpenie
260 ## - PUBLICATION, DISTRIBUTION, ETC.
Place of publication, distribution, etc. Bratislava
Name of publisher, distributor, etc. Ikar
Date of publication, distribution, etc. 2012
300 ## - PHYSICAL DESCRIPTION
Extent 294 s.
Dimensions 23 cm
655 #7 - INDEX TERM--GENRE/FORM
Genre/form data or focus term americké romány
Source of term SNKPH
655 #7 - INDEX TERM--GENRE/FORM
Genre/form data or focus term trilery (romány)
Source of term SNKPH
655 #7 - INDEX TERM--GENRE/FORM
Genre/form data or focus term ľúbostné romány
Source of term SNKPH
655 #7 - INDEX TERM--GENRE/FORM
Genre/form data or focus term American fiction
Source of term SNKPHeng
655 #7 - INDEX TERM--GENRE/FORM
Genre/form data or focus term Thrillers (novels)
Source of term SNKPHeng
655 #7 - INDEX TERM--GENRE/FORM
Genre/form data or focus term Love novels
Source of term SNKPHeng
700 1# - ADDED ENTRY--PERSONAL NAME
Personal name Hudecová, Saskia
Relationship trl
942 ## - ADDED ENTRY ELEMENTS (KOHA)
Source of classification or shelving scheme Dewey Decimal Classification
Koha item type Krásna literatúra pre dospelých
Suppress in OPAC No
949 ## - LOCAL PROCESSING INFORMATION (OCLC)
6 3869A13343
a bpksh821.111(73)-31
b bpksh63140
949 ## - LOCAL PROCESSING INFORMATION (OCLC)
6 270001000404553
a svkbbB 45091-4
b svkbbm 732149
949 ## - LOCAL PROCESSING INFORMATION (OCLC)
6 17A1059375
a snkSC 143726/4
b snk2012/25565
o 2581/2012
949 ## - LOCAL PROCESSING INFORMATION (OCLC)
6 17A1059374
a snkSC 143726/4 D1
b snk2012/25566
o 2581/2012
949 ## - LOCAL PROCESSING INFORMATION (OCLC)
6 273K0547975
a svkpoB 87695
b svkpo552841
r Poškodená
949 ## - LOCAL PROCESSING INFORMATION (OCLC)
6 2889192436
a savukPV 17099
b savuk2012/4969
Holdings
Stav vyradenia Strata Poškodenie Spôsob nadobudnutia Domovská knižnica Aktuálna knižnica Dátum nadobudnutia Cena Total checkouts Čiarový kód exemplára Date due Date last seen Date last checked out Typ exemplára
      Dar Obecná knižnica Horná Štubňa Obecná knižnica Horná Štubňa 17.03.2026 10.90 1 9788055131207 16.04.2026 17.03.2026 17.03.2026 Krásna literatúra pre dospelých
Projekt je podporený Slovenskou asociáciou knižníc
Prevádzkuje Turčianska knižnica Martin 2026